| 000 | 01199cam a2200217 4500500 | ||
|---|---|---|---|
| 005 | 20251228052253.0 | ||
| 041 | _afre | ||
| 042 | _adc | ||
| 100 | 1 | 0 |
_aPiettre, Pauline _eauthor |
| 245 | 0 | 0 | _aCatéchèse et instruction religieuse en France depuis le XIXe siècle |
| 260 | _c2010. | ||
| 500 | _a22 | ||
| 520 | _aRésuméAprès les ruptures révolutionnaires, les catéchismes ont continué de constituer le fer de lance de l’éducation religieuse de l’enfance. Jusqu’aux lois Jules Ferry des années 1880, éducateurs et législateurs opèrent dans un certain consensus bientôt rompu par la laïcisation progressive du savoir. Au cours du xxe siècle, le renouveau catéchétique, tout en offrant une nouvelle approche pédagogique, peine à prendre en compte la spiritualité de l’enfant dans une société qui se déchristianise en profondeur. | ||
| 690 | _acatéchisme | ||
| 690 | _acatéchistique | ||
| 690 | _ainstruction religieuse | ||
| 690 | _aJules Ferry | ||
| 690 | _alaïcité | ||
| 786 | 0 | _nTransversalités | 115 | 3 | 2010-09-01 | p. 27-40 | 1286-9449 | |
| 856 | 4 | 1 | _uhttps://shs.cairn.info/revue-transversalites-2010-3-page-27?lang=fr&redirect-ssocas=7080 |
| 999 |
_c1583170 _d1583170 |
||